Budapest Infrastrukturális Fejlődése az Európai Uniós Támogatások Hatására A 4-es Metró

Bibliográfiai részletek
Szerző: Tamás András
További közreműködők: Török Dr. Hilda
Dokumentumtípus: Záródolgozat
Kulcsszavak:Intézményrendszer, Európai Unió
Fejlesztés, metró
Online Access:http://dolgozattar.uni-bge.hu/59396

MARC

LEADER 00000nta a2200000 i 4500
001 dolg59396
005 20260114135345.0
008 260114suuuu hu o 000 hun d
040 |a BGE Dolgozattár Repozitórium  |b hun 
041 |a hu 
100 1 |a Tamás András 
245 1 0 |a Budapest Infrastrukturális Fejlődése az Európai Uniós Támogatások Hatására A 4-es Metró  |c Tamás András  |h [elektronikus dokumentum] 
516 |a Final_paper 
695 |a Intézményrendszer, Európai Unió 
695 |a Fejlesztés, metró 
700 1 |a Török Dr. Hilda  |e ths 
856 4 0 |u http://dolgozattar.uni-bge.hu/59396/1/Tamas-Andras.pdf  |z Dokumentum-elérés